| 000 | 00570nam a2200181 a 4500 | ||
|---|---|---|---|
| 001 | 000010322 | ||
| 005 | 20200929162223.0 | ||
| 008 | 091006s1986 sp 000 0 spa d | ||
| 020 | _a8488802137 | ||
| 040 |
_aDO-SdBNP _bspa _cBNPHU |
||
| 082 | _axxx | ||
| 245 | 0 | 3 |
_aEl senado en la historia / _cMiguel Artola, ...[et.al] ; coordinador Manuel Pérez Ledesma. |
| 260 |
_aMadrid : _bSecretaría de Estado del Senado, _c1986. |
||
| 300 |
_a470 p. : _bil., retrs. ; _c30 cm. |
||
| 700 | 1 |
_aArtola, Miguel _920766 |
|
| 700 | 1 |
_aPérez Ledesma, Manuel _925338 |
|
| 049 | _aBNPD | ||
| 999 |
_c10081 _d10081 |
||